City mouse-country mouse and two more mouse tales from Aesop / (Record no. 92)
[ view plain ]
| 000 -LEADER | |
|---|---|
| fixed length control field | 00977nam a22003257a 4500 |
| 001 - CONTROL NUMBER | |
| control field | 92 |
| 003 - CONTROL NUMBER IDENTIFIER | |
| control field | FISKH |
| 005 - DATE AND TIME OF LATEST TRANSACTION | |
| control field | 20240821134644.0 |
| 008 - FIXED-LENGTH DATA ELEMENTS--GENERAL INFORMATION | |
| fixed length control field | 230223b cb ||||| |||| 00| 0 eng d |
| 010 ## - LIBRARY OF CONGRESS CONTROL NUMBER | |
| LC control number | 88106482 |
| 040 ## - CATALOGING SOURCE | |
| Original cataloging agency | DLC |
| Transcribing agency | DLC |
| Modifying agency | DLC |
| -- | FISKH |
| Language of cataloging | eng |
| 042 ## - AUTHENTICATION CODE | |
| Authentication code | lcac |
| 050 00 - LIBRARY OF CONGRESS CALL NUMBER | |
| Classification number | PZ8.2 |
| Item number | .C54 1987 |
| 082 00 - DEWEY DECIMAL CLASSIFICATION NUMBER | |
| Classification number | 398.2/45293233 |
| -- | E |
| Edition number | 19 |
| 100 ## - MAIN ENTRY--PERSONAL NAME | |
| Personal name | Walter, John |
| 245 00 - TITLE STATEMENT | |
| Title | City mouse-country mouse and two more mouse tales from Aesop / |
| Statement of responsibility, etc. | pictures by John Wallner. |
| 260 ## - PUBLICATION, DISTRIBUTION, ETC. | |
| Place of publication, distribution, etc. | New York : |
| Name of publisher, distributor, etc. | Scholastic Inc., |
| Date of publication, distribution, etc. | 1987. |
| 300 ## - PHYSICAL DESCRIPTION | |
| Extent | 32 p. : |
| Other physical details | col. ill. ; |
| Dimensions | 21 cm. |
| 440 #3 - SERIES STATEMENT/ADDED ENTRY--TITLE | |
| Title | An Easy-to-read folktale |
| 520 ## - SUMMARY, ETC. | |
| Summary, etc. | City mouse-country mouse -- The lion and the mouse -- Belling the cat. |
| 521 8# - TARGET AUDIENCE NOTE | |
| Target audience note | 500 |
| Source | Lexile |
| 521 8# - TARGET AUDIENCE NOTE | |
| Target audience note | J |
| Source | Raz-Plus |
| 650 #1 - SUBJECT ADDED ENTRY--TOPICAL TERM | |
| Topical term or geographic name entry element | Fables. |
| 650 #1 - SUBJECT ADDED ENTRY--TOPICAL TERM | |
| Topical term or geographic name entry element | Mice |
| General subdivision | Folklore. |
| 650 #1 - SUBJECT ADDED ENTRY--TOPICAL TERM | |
| Topical term or geographic name entry element | Folklore. |
| 700 1# - ADDED ENTRY--PERSONAL NAME | |
| Personal name | Wallner, John, |
| Dates associated with a name | 1945- |
| Relator term | ill. |
| 700 0# - ADDED ENTRY--PERSONAL NAME | |
| Personal name | Aesop. |
| 906 ## - LOCAL DATA ELEMENT F, LDF (RLIN) | |
| a | 7 |
| b | cbc |
| c | orignew |
| d | 2 |
| e | ncip |
| f | 19 |
| g | y-gencatlg |
| 942 ## - ADDED ENTRY ELEMENTS (KOHA) | |
| Source of classification or shelving scheme | Dewey Decimal Classification |
| Koha item type | Books |
| Suppress in OPAC | No |
| Withdrawn status | Lost status | Source of classification or shelving scheme | Damaged status | Not for loan | Collection | Home library | Current library | Shelving location | Date acquired | Total Checkouts | Full call number | Barcode | Date last seen | Date last checked out | Price effective from | Koha item type |
|---|---|---|---|---|---|---|---|---|---|---|---|---|---|---|---|---|
| Dewey Decimal Classification | Juvenile Fiction | Footprints International School Library Network Toul Kork Campus | Footprints International School Library Network Toul Kork Campus | 02/23/2023 | 4 | WAL 398.245293233 PZ8.C54 | FISTK02032 | 12/03/2024 | 08/23/2024 | 02/23/2023 | Books |
